Les 20 villes les plus peuplées de la Charente-Maritime sur une carte - Statistiques

Statistiques générales
  • Ce quiz a été pris 83 fois
  • Le résultat moyen est 9 sur 20
Réponses sur la Carte
Les réponses sont colorées sur une échelle allant du rouge au vert en fonction du pourcentage des utilisateurs qui les ont devinées à leur premier essai. Vous pouvez retrouver ces pourcentages ci-dessous.
 
Statistiques - réponses
Population Ville % Correct
79 961 La Rochelle
99%
19 322 Royan
92%
25 312 Saintes
92%
23 188 Rochefort
91%
6 679 Saint-Jean-d'Angély
63%
6 861 Surgères
56%
6 665 Saint-Pierre-d'Oléron
53%
9 759 Aytré
48%
6 148 Marennes-Hiers-Brouage
48%
6 440 Châtelaillon-Plage
47%
7 314 Saujon
33%
8 802 Périgny
32%
5 093 Saint-Georges-de-Didonne
32%
6 668 Puilboreau
31%
8 248 Tonnay-Charente
31%
7 594 Lagord
21%
5 805 Nieul-sur-Mer
21%
6 084 Dompierre-sur-Mer
19%
5 531 Saint-Xandre
15%
5 016 Sainte-Soulle
13%
Aucun quiz correspondant
Distribution des résultats
% des personnes avec chaque résultat
Percentile par nombre de réponses
Votre historique - résultats
Vous n’avez pas pris ce quiz